¡Oasis! (Record no. 121753)

MARC details
000 -LEADER
campo de control de longitud fija 00487nam a2200157 4500
001 - NÚMERO DE CONTROL
campo de control 121753
003 - IDENTIFICADOR DE NÚMERO DE CONTROL
campo de control ES-MaACL
005 - FECHA Y HORA DE LA ÚLTIMA TRANSACCIÓN
campo de control 20230906191821.0
007 - CAMPO FIJO DE DESCRIPCIÓN FÍSICA--INFORMACIÓN GENERAL
campo de control de longitud fija t|
008 - DATOS DE LONGITUD FIJA--INFORMACIÓN GENERAL
campo de control de longitud fija 070214s1951 sp r ||||1| spa d
100 1# - ENTRADA PRINCIPAL--NOMBRE DE PERSONA
Nombre de persona Plaza Rodríguez, Andrés Ignacio.
9 (RLIN) 92636
245 11 - MENCIÓN DEL TÍTULO
Título ¡Oasis!
Resto del título : poesía /
Mención de responsabilidad, etc. Andrés Ignacio Plaza Rodríguez.
260 ## - PUBLICACIÓN, DISTRIBUCIÓN, ETC.
Lugar de publicación, distribución, etc. Burgos :
Nombre del editor, distribuidor, etc. [s. n.],
Fecha de publicación, distribución, etc. 1951 (
Fabricante Imp. Hijos de Santiago Rodríguez)
300 ## - DESCRIPCIÓN FÍSICA
Extensión 116 p. ;
Dimensiones 18 cm.
852 ## - LOCALIZACIÓN
Ubicación ES-MaACL
Número de control de estantería 1921-F-2
Sublocalización o colección R.30853
Holdings
Estatus retirado Estado de pérdida Estado de daño No para préstamo Colección Biblioteca de origen Biblioteca actual Ubicación en estantería Fecha de adquisición Fuente de adquisición Total de préstamos Signatura topográfica completa Código de barras Visto por última vez Precio de reemplazo Tipo de ítem Koha
        Colección de folletos Biblioteca del Ateneo de Madrid Biblioteca del Ateneo de Madrid Depósito folletos 17/01/2008     1921-F-2 1126879 23/02/2023 23/02/2023 Folleto